[Event "Irish New Year-GM 2022"]
[Site "Dublin"]
[Date "2022.01.03"]
[Round "2.4"]
[White "Collins, Sam E."]
[Black "Kanyamarala, Tarun"]
[Result "1-0"]
[WhiteElo "2456"]
[BlackElo "2377"]
[Annotator "ChessBase"]
[PlyCount "97"]
[EventDate "2022.01.02"]
[EventType "tourn"]
[EventCountry "IRL"]
[SourceTitle "playchess.com"]
[Source "ChessBase"]
[SourceQuality "1"]
[TimeControl "5400+30"]

1. e4 {[%emt 0:00:07]} c5 {[%emt 0:00:06]} 2. Nf3 {[%emt 0:00:23]} Nc6 {[%emt 0:00:08]} 3. c3 {[%emt 0:00:22]} Nf6 {[%emt 0:02:19]} 4. e5 {[%emt 0:00:26]} Nd5 {[%emt 0:00:16]} 5. Bc4 {[%emt 0:00:28]} Nb6 {[%emt 0:00:48]} 6. Bb3 {[%emt 0:00:37]} c4 {[%emt 0:01:31]} 7. Bc2 {[%emt 0:00:20]} d6 {[%emt 0:00:10]} 8. exd6 {[%emt 0:01:09]} Qxd6 {[%emt 0:00:07]} 9. O-O {[%emt 0:01:43]} Bg4 {[%emt 0:02:13]} 10. h3 {[%emt 0:00:52]} Bh5 {[%emt 0:01:53]} 11. Re1 {[%emt 0:00:39]} e6 {[%emt 0:03:50]} 12. b3 {[%emt 0:06:55]} Be7 {[%emt 0:04:58]} 13. Na3 {[%emt 0:01:36]} cxb3 {[%emt 0:01:27]} 14. axb3 {[%emt 0:00:18]} O-O {[%emt 0:02:23]} 15. d4 {[%emt 0:00:35]} Nd5 {[%emt 0:18:43]} 16. Bd2 {[%emt 0:13:40]} a6 {[%emt 0:13:47]} 17. Nc4 {[%emt 0:02:10]} Qc7 {[%emt 0:00:50]} 18. Ne3 {[%emt 0:04:32]} Nf4 {[%emt 0:11:05]} 19. Ng4 {[%emt 0:05:07]} Bg6 {[%emt 0:09:27]} 20. Bxg6 {[%emt 0:07:00]} Nxg6 {[%emt 0:00:57]} 21. Qe2 {[%emt 0:02:15]} Rfd8 {[%emt 0:00:53]} 22. Rad1 {[%emt 0:06:49]} b5 {[%emt 0:04:07]} 23. Bc1 {[%emt 0:03:43]} Na5 {[%emt 0:02:06]} 24. Qa2 {[%emt 0:04:45]} Nc6 {[%emt 0:01:54]} 25. Qe2 {[%emt 0:00:43]} Na5 {[%emt 0:00:02]} 26. Qa2 {[%emt 0:00:14]} Nc6 {[%emt 0:00:05]} 27. Ne3 {[%emt 0:04:16]} Nf4 {[%emt 0:02:53]} 28. Nf1 {[%emt 0:09:38]} Nd5 {[%emt 0:00:41]} 29. Bd2 {[%emt 0:01:19]} a5 {[%emt 0:02:27]} 30. Ne3 {[%emt 0:02:34]} Nb6 {[%emt 0:00:51]} 31. Qc2 {[%emt 0:02:40]} a4 {[%emt 0:05:57]} 32. Rb1 {[%emt 0:00:11]} Rac8 {[%emt 0:02:28]} 33. Qe4 {[%emt 0:04:13]} Na5 {[%emt 0:01:05]} 34. bxa4 {[%emt 0:05:09]} Nxa4 {[%emt 0:01:00]} 35. Rxb5 {[%emt 0:01:13]} Nxc3 {[%emt 0:00:05]} 36. Bxc3 {[%emt 0:00:28]} Qxc3 {[%emt 0:00:05]} 37. d5 {[%emt 0:00:45]} e5 {[%emt 0:01:56]} 38. Qxe5 {[%emt 0:02:13]} Bf6 {[%emt 0:02:56]} 39. Qxc3 {[%emt 0:00:13]} Bxc3 {[%emt 0:00:04]} 40. Rc1 {[%emt 0:00:45]} g6 {[%emt 0:01:07]} 41. Rxc3 {[%emt 0:01:42]} Rxc3 {[%emt 0:00:06]} 42. Rxa5 {[%emt 0:00:05]} f5 {[%emt 0:00:06]} 43. g3 {[%emt 0:00:21]} Rb8 {[%emt 0:00:34]} 44. Ra2 {[%emt 0:00:54]} f4 {[%emt 0:00:24]} 45. gxf4 {[%emt 0:00:13]} Rb4 {[%emt 0:00:06]} 46. Ng5 {[%emt 0:01:07]} Rxf4 {[%emt 0:00:43]} 47. Ra8+ {[%emt 0:00:25]} Rf8 {[%emt 0:00:05]} 48. Rc8 {[%emt 0:06:38]} Rd8 49. Rxd8+ {[%emt 0:00:00]} 1-0

[Event "Irish New Year-GM 2022"]
[Site "Dublin"]
[Date "2022.01.03"]
[Round "2.5"]
[White "O`Gorman, Tom"]
[Black "Stefansson, Vignir Vatnar"]
[Result "1/2-1/2"]
[WhiteElo "2350"]
[BlackElo "2457"]
[Annotator "TA"]
[PlyCount "54"]
[EventDate "2022.01.02"]
[EventType "tourn"]
[EventCountry "IRL"]
[SourceTitle "playchess.com"]
[Source "ChessBase"]
[SourceQuality "1"]

{[%evp 10,54,52,47,45,47,48,30,32,28,38,0,-12,-19,49,55,50,60,95,93,104,6,2,1,4,0,0,0,0,4,4,4,18,0,0,0,5,0,4,0,0,0,0,-8,-8,-14,-6]} 1. e4 d5 2. exd5 Qxd5 3. Nc3 Qd6 4. d4 Nf6 5. Nf3 c6 6. Ne5 Nbd7 {B01: Scandinavian Defence.} 7. Nc4 Qc7 8. Qf3 Nb6 {White has an edge.} 9. Bf4 Qd8 10. Nxb6 (10. Be5 $14) 10... Qxb6 $11 11. d5 {[#]} Nxd5 $146 ({Better is} 11... Bg4 $11 12. Qe3 Nxd5 13. Nxd5 cxd5) ({Predecessor:} 11... Bd7 12. Bc4 Rc8 13. O-O cxd5 14. Bxd5 Bc6 15. Qh3 Bd7 16. Qd3 e6 17. Bb3 Bb4 {1-0 (26) Eriksson,D (2161)-Wagner,S (2218) Sweden 2019}) 12. Nxd5 $14 cxd5 13. Qxd5 {[#] Threatens to win with Bb5+.} Bd7 {Inhibits Bb5.} (13... Qb4+ $2 14. c3 e6 15. Bb5+ (15. cxb4 exd5 16. Bb5+ Bd7 $14) 15... Ke7 16. Qe5 (16. cxb4 exd5 17. O-O a6 $16) 16... Qxb5 17. Qxb5 $18) 14. O-O-O {[%csl Gd1][%cal Rd5d7]} Bc6 15. Qd2 {White is much more active. Black has bad knights.} (15. Qe5 $16) 15... e6 $11 {The position is equal.} 16. Be5 Rd8 $132 {[%mdl 2048] Black is fighting back} 17. Bd4 Bc5 18. Bxc5 Rxd2 19. Bxb6 Rxd1+ 20. Kxd1 axb6 {[%mdl 4096] Endgame KRB-KRB} 21. f3 Ke7 22. Bd3 h5 23. Re1 h4 24. Be4 Rh5 (24... Ra8 $5 {[%cal Ra8a2]}) 25. Bxc6 bxc6 26. Kd2 Rd5+ 27. Ke3 Re5+ {Weighted Error Value: White=0.15 (very precise) /Black=0.09 (flawless)} 1/2-1/2

[Event "Irish New Year-GM 2022"]
[Site "Dublin"]
[Date "2022.01.03"]
[Round "3.1"]
[White "Stefansson, Vignir Vatnar"]
[Black "Arkell, Keith C"]
[Result "1-0"]
[WhiteElo "2457"]
[BlackElo "2370"]
[Annotator "ChessBase"]
[PlyCount "83"]
[EventDate "2022.01.02"]
[EventType "tourn"]
[EventCountry "IRL"]
[SourceTitle "playchess.com"]
[Source "ChessBase"]
[SourceQuality "1"]
[TimeControl "5400+30"]

1. c4 {[%emt 0:01:07]} c5 {[%emt 0:02:09]} 2. Nc3 {[%emt 0:01:19]} Nc6 {[%emt 0:00:28]} 3. Nf3 {[%emt 0:00:53]} g6 {[%emt 0:00:23]} 4. e3 {[%emt 0:01:04]} Nf6 {[%emt 0:00:07]} 5. d4 {[%emt 0:00:08]} cxd4 {[%emt 0:00:05]} 6. exd4 {[%emt 1:28:59]} d5 {[%emt 0:00:12]} 7. cxd5 {[%emt 0:00:00]} Nxd5 {[%emt 0:00:05]} 8. Qb3 {[%emt 0:00:00]} Nxc3 {[%emt 0:00:47]} 9. Bc4 {[%emt 0:00:00]} Nd5 {[%emt 0:00:09]} 10. Bxd5 {[%emt 0:00:00]} e6 {[%emt 0:00:05]} 11. Bxc6+ {[%emt 0:00:00]} bxc6 {[%emt 0:00:05]} 12. O-O {[%emt 0:00:00]} Qb6 {[%emt 0:02:23]} 13. Qc3 {[%emt 0:00:00]} Bg7 {[%emt 0:00:54]} 14. Bf4 {[%emt 0:00:00]} O-O {[%emt 0:00:59]} 15. Be5 {[%emt 0:00:00]} f6 {[%emt 0:00:16]} 16. Bd6 {[%emt 0:00:00]} Rd8 {[%emt 0:00:41]} 17. Bc5 {[%emt 0:00:00]} Qc7 {[%emt 0:00:23]} 18. Rfe1 {[%emt 0:00:00]} Rd5 {[%emt 0:00:53]} 19. Rac1 {[%emt 0:00:00]} Bd7 {[%emt 0:00:10]} 20. Nd2 {[%emt 0:00:00]} Rd8 {[%emt 0:12:16]} 21. Ne4 {[%emt 0:00:00]} Bc8 {[%emt 0:03:25]} 22. Qa3 {[%emt 0:00:00]} R5d7 {[%emt 0:05:19]} 23. Bb4 {[%emt 0:00:00]} Qf4 {[%emt 0:22:58]} 24. g3 {[%emt 0:00:00]} Qf5 {[%emt 0:02:17]} 25. Be7 {[%emt 0:00:00]} Bf8 {[%emt 0:07:25]} 26. Bxf8 {[%emt 0:00:00]} Rxf8 {[%emt 0:00:10]} 27. Rc5 {[%emt 0:00:00]} Qh3 {[%emt 0:02:55]} 28. Qe3 {[%emt 0:00:00]} Kg7 {[%emt 0:05:22]} 29. f3 {[%emt 0:00:00]} Rff7 {[%emt 0:13:57]} 30. Nf2 {[%emt 0:00:00]} Qh6 {[%emt 0:00:06]} 31. Qc3 {[%emt 0:00:00]} Rd5 {[%emt 0:01:57]} 32. Rxc6 {[%emt 0:00:00]} Bd7 {[%emt 0:06:00]} 33. Rc7 {[%emt 0:00:00]} a5 {[%emt 0:00:23]} 34. Re4 {[%emt 0:00:00]} Kg8 {[%emt 0:03:41]} 35. Ra7 {[%emt 0:00:00]} a4 {[%emt 0:02:27]} 36. Nd3 {[%emt 0:00:00]} e5 {[%emt 0:03:30]} 37. dxe5 {[%emt 0:00:00]} Bb5 {[%emt 0:02:40]} 38. Ra8+ {[%emt 0:00:00]} Rf8 {[%emt 0:00:11]} 39. Rxf8+ {[%emt 0:00:00]} Qxf8 {[%emt 0:00:10]} 40. Nf2 {[%emt 0:00:00]} fxe5 {[%emt 0:00:23]} 41. Rxe5 {[%emt 0:00:00]} Qd6 {[%emt 0:00:35]} 42. Qc8+ {[%emt 0:00:00]} 1-0

[Event "Irish New Year-GM 2022"]
[Site "Dublin"]
[Date "2022.01.03"]
[Round "3.2"]
[White "Kanyamarala, Tarun"]
[Black "O`Gorman, Tom"]
[Result "1/2-1/2"]
[WhiteElo "2377"]
[BlackElo "2350"]
[Annotator "ChessBase"]
[PlyCount "51"]
[EventDate "2022.01.02"]
[EventType "tourn"]
[EventCountry "IRL"]
[SourceTitle "playchess.com"]
[Source "ChessBase"]
[SourceQuality "1"]
[TimeControl "5400+30"]

1. d4 {[%emt 0:00:03]} Nf6 {[%emt 0:00:06]} 2. c4 {[%emt 0:00:05]} g6 {[%emt 0:00:04]} 3. Nc3 {[%emt 0:00:06]} d5 {[%emt 0:00:17]} 4. cxd5 {[%emt 0:01:23]} Nxd5 {[%emt 0:00:06]} 5. e4 {[%emt 0:00:06]} Nxc3 {[%emt 0:00:05]} 6. bxc3 {[%emt 0:00:05]} Bg7 {[%emt 0:00:08]} 7. Nf3 {[%emt 0:00:19]} c5 {[%emt 0:00:05]} 8. h3 {[%emt 0:00:25]} O-O {[%emt 0:01:00]} 9. Be2 {[%emt 0:01:57]} cxd4 {[%emt 0:02:19]} 10. cxd4 {[%emt 0:00:07]} Nc6 {[%emt 0:00:30]} 11. Be3 {[%emt 0:00:11]} f5 {[%emt 0:00:52]} 12. Bc4+ {[%emt 0:03:57]} Kh8 {[%emt 0:00:45]} 13. O-O {[%emt 0:00:08]} f4 {[%emt 0:05:06]} 14. Bc1 {[%emt 0:02:48]} Nxd4 {[%emt 0:01:54]} 15. Ba3 {[%emt 0:00:42]} b5 {[%emt 0:20:45]} 16. Bd5 {[%emt 0:12:33]} Nxf3+ {[%emt 0:00:13]} 17. Qxf3 {[%emt 0:00:08]} Rb8 {[%emt 0:00:08]} 18. Rab1 {[%emt 0:03:26]} a5 {[%emt 0:06:50]} 19. Bc5 {[%emt 0:03:42]} b4 {[%emt 0:04:45]} 20. a3 {[%emt 0:20:48]} Bb7 {[%emt 0:14:03]} 21. axb4 {[%emt 0:07:07]} Bxd5 {[%emt 0:11:18]} 22. exd5 {[%emt 0:00:10]} axb4 {[%emt 0:02:01]} 23. Rfe1 {[%emt 0:03:35]} Rf5 {[%emt 0:02:56]} 24. Bxe7 {[%emt 0:06:14]} Qxd5 {[%emt 0:00:10]} 25. Qxd5 {[%emt 0:00:47]} Rxd5 {[%emt 0:00:07]} 26. Rxb4 {[%emt 0:00:13]} 1/2-1/2

[Event "Irish New Year-GM 2022"]
[Site "Dublin"]
[Date "2022.01.03"]
[Round "3.3"]
[White "Motwani, Paul"]
[Black "Collins, Sam E."]
[Result "0-1"]
[WhiteElo "2432"]
[BlackElo "2456"]
[Annotator "ChessBase"]
[PlyCount "134"]
[EventDate "2022.01.02"]
[EventType "tourn"]
[EventCountry "IRL"]
[SourceTitle "playchess.com"]
[Source "ChessBase"]
[SourceQuality "1"]
[TimeControl "5400+30"]

1. d4 {[%emt 0:00:26]} Nf6 {[%emt 0:00:29]} 2. c4 {[%emt 0:01:39]} g6 {[%emt 0:00:35]} 3. Nc3 {[%emt 0:00:20]} Bg7 {[%emt 0:00:30]} 4. e4 {[%emt 0:00:16]} d6 {[%emt 0:00:19]} 5. Nf3 {[%emt 0:03:50]} O-O {[%emt 0:00:21]} 6. Be2 {[%emt 0:01:24]} e5 {[%emt 0:00:42]} 7. d5 {[%emt 0:02:21]} a5 {[%emt 0:02:52]} 8. Bg5 {[%emt 0:15:07]} h6 {[%emt 0:00:36]} 9. Be3 {[%emt 0:01:07]} Ng4 {[%emt 0:00:45]} 10. Bd2 {[%emt 0:00:27]} f5 {[%emt 0:00:42]} 11. exf5 {[%emt 0:05:00]} Bxf5 {[%emt 0:01:57]} 12. Be3 {[%emt 0:23:46]} Na6 {[%emt 0:06:50]} 13. Qd2 {[%emt 0:02:31]} Nxe3 {[%emt 0:02:29]} 14. fxe3 {[%emt 0:01:58]} Nc5 {[%emt 0:01:39]} 15. O-O {[%emt 0:03:33]} h5 {[%emt 0:02:07]} 16. Rae1 {[%emt 0:08:07]} Bh6 {[%emt 0:04:17]} 17. Rf2 {[%emt 0:06:39]} Qe7 {[%emt 0:06:57]} 18. g3 {[%emt 0:03:18]} Rf7 {[%emt 0:15:50]} 19. Nh4 {[%emt 0:01:45]} Qg5 {[%emt 0:05:24]} 20. Nxf5 {[%emt 0:01:25]} Rxf5 {[%emt 0:04:52]} 21. Rxf5 {[%emt 0:02:31]} gxf5 {[%emt 0:01:19]} 22. Bf1 {[%emt 0:00:59]} h4 {[%emt 0:01:32]} 23. Qg2 {[%emt 0:02:52]} Kh8 {[%emt 0:00:49]} 24. Qh3 {[%emt 0:05:42]} Rg8 {[%emt 0:01:02]} 25. Kf2 {[%emt 0:01:03]} f4 {[%emt 0:05:02]} 26. exf4 {[%emt 0:01:16]} hxg3+ {[%emt 0:05:41]} 27. hxg3 {[%emt 0:00:10]} exf4 {[%emt 0:00:19]} 28. g4 {[%emt 0:02:20]} Rg6 {[%emt 0:03:50]} 29. Kf3 {[%emt 0:00:51]} Kg7 {[%emt 0:03:16]} 30. Ne4 {[%emt 0:02:03]} Qe7 {[%emt 0:02:58]} 31. g5 {[%emt 0:00:24]} Bxg5 {[%emt 0:02:28]} 32. Re2 {[%emt 0:00:20]} Qf7 {[%emt 0:07:59]} 33. Nxc5 {[%emt 0:00:27]} dxc5 {[%emt 0:00:05]} 34. Re6 {[%emt 0:00:22]} Bf6 {[%emt 0:00:42]} 35. Ke4 {[%emt 0:01:41]} Rg3 {[%emt 0:00:41]} 36. Qf5 {[%emt 0:00:00]} Re3+ {[%emt 0:01:40]} 37. Kxf4 {[%emt 0:00:09]} Bg5+ {[%emt 0:00:53]} 38. Kxg5 {[%emt 0:00:24]} Rg3+ {[%emt 0:00:19]} 39. Kf4 {[%emt 0:00:08]} Rf3+ {[%emt 0:00:11]} 40. Kxf3 {[%emt 0:00:05]} Qxf5+ {[%emt 0:00:06]} 41. Kg2 {[%emt 0:00:10]} Qg5+ {[%emt 0:01:13]} 42. Kf2 {[%emt 0:00:19]} Qf4+ {[%emt 0:00:27]} 43. Kg2 {[%emt 0:00:32]} Qg4+ {[%emt 0:00:32]} 44. Kh2 {[%emt 0:00:50]} c6 {[%emt 0:03:28]} 45. Re7+ {[%emt 0:00:42]} Kf6 {[%emt 0:00:57]} 46. Rxb7 {[%emt 0:00:33]} cxd5 {[%emt 0:01:08]} 47. cxd5 {[%emt 0:00:29]} Qf4+ {[%emt 0:00:40]} 48. Kg1 {[%emt 0:00:38]} Qd4+ {[%emt 0:00:24]} 49. Kh2 {[%emt 0:00:57]} Qxd5 {[%emt 0:00:28]} 50. Rb6+ {[%emt 0:00:22]} Kg5 {[%emt 0:00:21]} 51. a3 {[%emt 0:01:05]} Qe5+ {[%emt 0:00:24]} 52. Kg2 {[%emt 0:00:32]} c4 {[%emt 0:00:58]} 53. a4 {[%emt 0:00:28]} Qe4+ {[%emt 0:01:07]} 54. Kh2 {[%emt 0:00:11]} Qc2+ {[%emt 0:01:40]} 55. Kg3 {[%emt 0:00:24]} Qxa4 {[%emt 0:00:21]} 56. Rb8 {[%emt 0:00:54]} Qc6 {[%emt 0:01:58]} 57. Rg8+ {[%emt 0:00:17]} Kf5 {[%emt 0:00:54]} 58. Rc8 {[%emt 0:00:37]} Qd6+ {[%emt 0:00:36]} 59. Kh3 {[%emt 0:00:28]} Qh6+ {[%emt 0:00:15]} 60. Kg2 {[%emt 0:00:19]} Qd2+ {[%emt 0:00:03]} 61. Kf3 {[%emt 0:00:15]} Qd5+ {[%emt 0:00:45]} 62. Kg3 {[%emt 0:00:24]} Qe5+ {[%emt 0:00:10]} 63. Kf3 {[%emt 0:00:35]} Qxb2 {[%emt 0:00:32]} 64. Rc5+ {[%emt 0:01:01]} Kf6 {[%emt 0:00:19]} 65. Rxc4 {[%emt 0:00:18]} a4 {[%emt 0:00:59]} 66. Ke4 {[%emt 0:00:40]} a3 {[%emt 0:00:19]} 67. Rc6+ {[%emt 0:00:13]} Ke7 {[%emt 0:00:07]} 0-1

[Event "Irish New Year-GM 2022"]
[Site "Dublin"]
[Date "2022.01.03"]
[Round "3.4"]
[White "Murphy, Conor E"]
[Black "Fitzsimons, David"]
[Result "1/2-1/2"]
[WhiteElo "2431"]
[BlackElo "2337"]
[Annotator "TA"]
[PlyCount "163"]
[EventDate "2022.01.02"]
[EventType "tourn"]
[EventCountry "IRL"]
[SourceTitle "playchess.com"]
[Source "ChessBase"]
[SourceQuality "1"]

{[%evp 12,163,34,22,23,-51,-56,-55,-64,-68,-29,-85,-81,-62,-40,-80,-87,-82,-74,-86,-10,0,58,82,79,46,85,12,20,13,20,13,16,14,15,0,0,0,0,0,53,56,56,54,52,56,54,43,50,46,47,52,52,53,59,64,61,59,70,63,78,78,82,74,74,75,90,90,90,75,75,75,75,83,83,71,76,73,71,77,71,69,75,67,68,65,73,76,80,73,80,80,101,87,97,97,108,97,109,82,103,114,480,474,468,456,503,503,497,485,500,481,503,502,481,478,444,420,1048,1091,816,1023,29970,29971,29971,29972,29971,29972,29973,29974,29974,29974,29974,29975,29975,29976,29975,29976,29976,29977,29977,29978,29978,29979,29980,29981,29980,0,0,0,0,0,0,0]} 1. e4 Nf6 2. e5 Nd5 3. d4 d6 4. Nf3 dxe5 5. Nxe5 g6 6. Be2 Bg7 7. O-O O-O {[%cal Oc7c5] B04: Alekhine's Defence: 4 Nf3.} 8. a3 (8. c4 $11 Nb4 9. Nf3) 8... c5 $1 $15 9. Nf3 cxd4 {Black is slightly better.} 10. Nxd4 Qb6 {[#]} (10... e5 $5 {[%cal Re5d4]} 11. Nf3 Na6 $15) 11. Nb5 $146 (11. c4 $1 $11 {remains equal.}) ({Predecessor:} 11. Nb3 Rd8 12. Qe1 Nc6 13. Bf3 Be6 14. Bxd5 Bxd5 15. Be3 Qc7 16. Nc3 Bc4 17. Nd2 Bxf1 18. Nxf1 {0-1 (39) Md Zakaria (1964)-Hasan Md,E (2117) Dhaka 2016}) 11... Rd8 $17 12. Qe1 a6 (12... Bd7 $5 {[%cal Rd7b5]} 13. N5c3 Nxc3 14. Nxc3 Nc6 $15) 13. N5c3 Nxc3 14. Nxc3 Bf5 15. Bf3 e6 {To avoid Nd5} ({Resist} 15... Bxc2 16. Nd5 Rxd5 17. Bxd5 $14) (15... Nc6 $17 {Threatens to win with ...Nd4.} 16. Nd5 Qc5) 16. Bg5 $36 {[%mdl 2048] White has the initiative.} Rd7 (16... Rf8 $11) 17. Na4 $1 $14 Qc7 18. Be3 {To avoid Rd4. Nb6 is the strong threat.} Bd4 {To avoid Nb6} 19. Rd1 ({White should try} 19. c3 $1 $16 Ba7 20. Bxa7 Rxa7 21. Qe3) 19... e5 $11 20. c3 {[%cal Bc2c3,Bc3c4][%mdl 32]} Bxe3 21. Qxe3 {Hoping for Nb6.} Rxd1 22. Rxd1 Nd7 {[%cal Oe5e4] Inhibits Nb6.} 23. b3 Rc8 24. c4 b5 25. Nb2 Qb6 (25... Be6 $11) 26. Qxb6 $14 Nxb6 27. Bb7 {[%csl LRa6,LRc8]} Rb8 28. Bxa6 bxc4 29. Nxc4 {And now b4 would win.} Bc2 {[%csl LRb3,LRd1]} 30. Ra1 Bxb3 31. Nxe5 Ra8 32. Bf1 Kg7 33. g3 Kf6 34. Nf3 {Strongly threatening Rb1.} Bd5 35. Nd4 Ke5 36. Nb5 Ra5 37. Re1+ Kf6 38. Rc1 h5 39. h4 Be6 40. Rc6 Nd5 41. Be2 Ke7 42. Rc5 Kf6 43. Rc1 Ke7 44. Kf1 Bd7 45. Nc3 Nb6 46. Ra1 $1 Rc5 47. Ne4 Re5 48. f3 Na4 49. Kf2 Bf5 50. Bd1 Nb2 51. Bc2 Ra5 52. Ra2 Na4 53. Ke3 Be6 54. Ra1 Nb6 55. Bd3 Na4 56. Rb1 Bd5 $2 {[%mdl 8192]} (56... Ra7 $16 {is tougher.}) 57. Rb5 $18 Rxb5 58. Bxb5 {[%mdl 4096] Endgame KBN-KBN} Bb3 59. Kd4 Nb6 60. Nc5 Bd1 61. f4 Bf3 62. a4 Nc8 63. a5 Na7 64. Ba4 Nc6+ (64... Ba8 $142 65. Nd3 Bc6) 65. Bxc6 Bxc6 {KB-KN} 66. a6 {Black must now prevent a7.} Bb5 67. Kd5 Be2 68. a7 Bf3+ 69. Ke5 f6+ 70. Kd4 Ba8 71. Na4 Ke6 72. Nb6 $1 Bb7 73. Ke3 Kf5 74. a8=Q Bxa8 75. Nxa8 {KN-K3P} Kg4 76. Nb6 Kxg3 77. Nd5 Kxh4 78. Nxf6 Kg3 {[#]} 79. Ne4+ $2 (79. Nxh5+ $1 {[%mdl 512] mates} Kg4 (79... Kh4 80. Ng7) 80. Ng7 Kh3 81. Ne6 Kh4 82. Kd4 Kh5 83. Kd5 Kh4 84. Kd4) 79... Kg2 $11 {The position is equal.} 80. Ng5 h4 81. Ke4 h3 {aiming for ...h2.} 82. Nxh3 {Weighted Error Value: White=0.09 (flawless) /Black=0.22 (precise)} 1/2-1/2

[Event "Irish New Year-GM 2022"]
[Site "Dublin"]
[Date "2022.01.03"]
[Round "3.5"]
[White "Gonzalez Garcia, Jose"]
[Black "Cafolla, Peter"]
[Result "1-0"]
[WhiteElo "2483"]
[BlackElo "1976"]
[Annotator "TA"]
[PlyCount "67"]
[EventDate "2022.01.02"]
[EventType "tourn"]
[EventCountry "IRL"]
[SourceTitle "playchess.com"]
[Source "ChessBase"]
[SourceQuality "1"]

{[%evp 9,67,8,30,27,35,26,21,18,36,35,33,25,30,27,61,30,54,49,50,44,42,44,50,33,33,29,50,53,67,75,68,66,71,67,71,68,77,77,75,67,72,67,70,71,78,81,77,76,72,74,108,108,153,161,149,160,908,886,857,804]} 1. Nf3 d5 2. e3 e6 3. c4 c5 4. cxd5 exd5 5. Bb5+ Bd7 6. Bxd7+ {A13: English Opening: 1...e6.} Qxd7 7. O-O Nc6 8. b3 {The position is equal.} Nf6 9. Bb2 Be7 10. d4 {[#]} O-O $146 ({Predecessor:} 10... cxd4 11. Nxd4 O-O 12. Nd2 Rac8 13. N2f3 Ne4 14. Rc1 Bf6 15. h3 Nb4 16. Rxc8 Rxc8 {0-1 (32) Janvari,V-Szabo,Z (2350) Budapest 1995}) 11. dxc5 Ne4 12. Nc3 (12. b4 $5) 12... Nxc3 13. Bxc3 Bxc5 14. Qc2 {[%cal Oc3g7] Bxg7! is the strong threat.} Qe7 15. Rad1 Rad8 16. Qb2 Ba3 17. Qa1 f5 18. Rfe1 Bb4 19. Bxb4 Qxb4 20. Nd4 {[%cal Bf3d4,Bd4e2,Be2f4,Bf4d3,Bd3c5][%mdl 32]} Qe7 {Prevents Ne6.} 21. Rd2 Rd6 22. Ne2 Qf7 23. Qc3 Rfd8 24. Red1 a6 25. Qc5 Qd7 26. h3 Qf7 27. Nf4 {[%cal Rd2d5]} Ne7 28. Qc7 R6d7 29. Qb6 {[%cal Of4d5] White is more active.} Nc6 30. Nd3 {Threatens to win with Nc5.} d4 (30... Rb8 $142) 31. Nc5 $16 Rd5 {[#]} 32. exd4 $1 ({Don't do} 32. Nxb7 dxe3 33. Nxd8 Rxd2 34. Rxd2 (34. Nxf7 Rxd1+ 35. Kh2 e2 $11) 34... exd2 35. Nxf7 d1=Q+ 36. Kh2 Kxf7 $16) 32... Nxd4 $2 {[#]} (32... Rc8 $16 33. Qxb7 Qxb7 34. Nxb7 Re8) 33. Rxd4 $1 $18 {[%mdl 512]} Rxd4 34. Qxd8+ {Weighted Error Value: White=0.02 (flawless) /Black=0.11 (very precise)} 1-0

[Event "Irish New Year-GM 2022"]
[Site "Dublin"]
[Date "2022.01.04"]
[Round "4.1"]
[White "Arkell, Keith C"]
[Black "Cafolla, Peter"]
[Result "1-0"]
[WhiteElo "2370"]
[BlackElo "1976"]
[Annotator "ChessBase"]
[PlyCount "87"]
[EventDate "2022.01.02"]
[EventType "tourn"]
[EventCountry "IRL"]
[SourceTitle "playchess.com"]
[Source "ChessBase"]
[SourceQuality "1"]
[TimeControl "5400+30"]

1. c4 {[%emt 0:10:51]} e6 {[%emt 0:00:00]} 2. Nf3 {[%emt 0:00:10]} d5 {[%emt 0:00:00]} 3. b3 {[%emt 0:00:09]} c5 {[%emt 0:00:11]} 4. e3 {[%emt 0:00:19]} Nf6 {[%emt 0:00:27]} 5. Bb2 {[%emt 0:00:21]} Nc6 {[%emt 0:00:26]} 6. cxd5 {[%emt 0:00:20]} exd5 {[%emt 0:00:24]} 7. Bb5 {[%emt 0:00:08]} Bg4 {[%emt 0:06:04]} 8. h3 {[%emt 0:00:08]} Bh5 {[%emt 0:00:54]} 9. g4 {[%emt 0:00:09]} Bg6 {[%emt 0:00:05]} 10. Ne5 {[%emt 0:01:42]} Qb6 {[%emt 0:02:32]} 11. Bxc6+ {[%emt 0:04:03]} bxc6 {[%emt 0:00:10]} 12. Nxg6 {[%emt 0:00:17]} hxg6 {[%emt 0:00:19]} 13. Bxf6 {[%emt 0:02:39]} gxf6 {[%emt 0:00:17]} 14. Qf3 {[%emt 0:00:06]} Qd8 {[%emt 0:05:38]} 15. Nc3 {[%emt 0:00:22]} Qd6 {[%emt 0:00:40]} 16. Rc1 {[%emt 0:00:23]} Rb8 {[%emt 0:05:12]} 17. h4 {[%emt 0:00:19]} f5 {[%emt 0:03:02]} 18. gxf5 {[%emt 0:01:20]} Rh5 {[%emt 0:07:00]} 19. fxg6 {[%emt 0:00:45]} fxg6 {[%emt 0:05:25]} 20. Qg3 {[%emt 0:02:12]} Rb4 {[%emt 0:02:00]} 21. Ne2 {[%emt 0:08:28]} g5 {[%emt 0:00:27]} 22. Qxd6 {[%emt 0:01:38]} Bxd6 {[%emt 0:00:09]} 23. Ng3 {[%emt 0:01:41]} Rbxh4 {[%emt 0:08:06]} 24. Rxh4 {[%emt 0:00:44]} Rxh4 {[%emt 0:00:11]} 25. Ke2 {[%emt 0:01:18]} Rb4 {[%emt 0:10:20]} 26. Nf5 {[%emt 0:00:16]} Kd7 {[%emt 0:01:28]} 27. Rh1 {[%emt 0:07:39]} Bb8 {[%emt 0:03:41]} 28. Rh6 {[%emt 0:17:24]} a5 {[%emt 0:09:26]} 29. Kd1 {[%emt 0:01:08]} c4 {[%emt 0:02:09]} 30. Rh7+ {[%emt 0:00:41]} Ke8 {[%emt 0:05:34]} 31. bxc4 {[%emt 0:00:27]} a4 {[%emt 0:04:13]} 32. Nd4 {[%emt 0:04:02]} Bd6 {[%emt 0:07:06]} 33. cxd5 {[%emt 0:00:26]} cxd5 {[%emt 0:00:47]} 34. Kc2 {[%emt 0:10:36]} a3 {[%emt 0:02:05]} 35. Nb3 {[%emt 0:04:12]} Rh4 {[%emt 0:01:17]} 36. Rb7 {[%emt 0:03:54]} Rh2 {[%emt 0:05:06]} 37. f3 {[%emt 0:00:33]} Be5 {[%emt 0:00:36]} 38. Rb5 {[%emt 0:00:18]} Ke7 {[%emt 0:00:25]} 39. Rxd5 {[%emt 0:00:17]} Ke6 {[%emt 0:01:28]} 40. Ra5 {[%emt 0:00:08]} Bf6 {[%emt 0:01:50]} 41. Nc5+ {[%emt 0:00:07]} Kf7 {[%emt 0:00:43]} 42. Ne4 {[%emt 0:00:07]} Be7 {[%emt 0:00:41]} 43. Nxg5+ {[%emt 0:00:10]} Kg6 {[%emt 0:00:19]} 44. Ne4 {[%emt 0:00:45]} 1-0